| 000 | 00708cam a2200289ua 4500 | ||
|---|---|---|---|
| 020 | _c18.00 | ||
| 041 |
_amal _h |
||
| 082 |
_a632 _bSHA/SA |
||
| 100 | _aShanmugham, S N . | ||
| 245 |
_aSasyasamrakshana Tatvangal / _cS N Shanmugham. _hTextual Documents |
||
| 260 |
_aThiruvananthapuram : _bState Instititute of Languages , _c1974. |
||
| 300 | _a700 ; . | ||
| 365 | _a18.00 | ||
| 504 | _a | ||
| 942 | _cBK | ||
| 999 |
_c4664 _d4664 |
||